| 000 | 00847nam a2200253 a 4500 | ||
|---|---|---|---|
| 001 | 000046862 | ||
| 003 | DO-SdBNP | ||
| 005 | 20220210120736.0 | ||
| 008 | 180403s2016 dr a 000 0 spa d | ||
| 020 | _a9789945588705 | ||
| 040 |
_aDO-SdBNP _bspa _cBPMSU |
||
| 082 |
_aRD863.44 _bV635y 2016 _222 |
||
| 100 | 1 |
_aVicioso, Carlos, _d1965- |
|
| 245 | 1 | 0 |
_aYo, Rodrigo de siglos / _cCarlos Vicioso. |
| 260 |
_aSanto Domingo : _bMinisterio de cultura, _c2016. |
||
| 300 |
_a196 p. : _bil. ; _c22 cm. |
||
| 500 | _aIncluye datos biográficos del autor en la solapa de la cubierta | ||
| 500 | _aLa biblioteca posee 1 ejemplares autografiados por el autor. | ||
| 590 | _aInventariado, 2022/VM | ||
| 650 | 4 | _aCuentos dominicanos | |
| 650 | 4 | _aLiteratura dominicana | |
| 710 | 2 | _aMinisterio de Cultura(República Dominicana) | |
| 942 |
_2ddc _cBK |
||
| 999 |
_c14032 _d14032 |
||